| Tag |
First Indicator |
Second Indicator |
Subfields |
| LEADER |
00000cam a2200000Ia 4500 |
| 001 |
in00001797421 |
| 005 |
20151025110006.0 |
| 008 |
031009s1953 ru a 000 0 rusr |
| 010 |
|
|
|a 54033415
|
| 035 |
|
|
|a (OCoLC)ocm53172849
|
| 040 |
|
|
|a DLC
|c TXA
|d UtOrBLW
|
| 049 |
|
|
|a TXAM
|
| 050 |
0 |
0 |
|a H39
|b .V8 1953 no. 67
|
| 090 |
|
|
|a QK913
|b .I33 1953
|
| 100 |
1 |
|
|a I︠A︡blokov, A. S.
|
| 245 |
1 |
0 |
|a Akklimatizat︠s︡ii︠a︡ derevʹev i kustarnikov metodom otdalennoí polovoĭ gibridizat︠s︡ii :
|b stenogramma publichnoĭ lekt︠s︡ii, prochitannoĭ v T︠S︡entralʹnom lektorii Obshchestva v Moskve /
|c A.S. I︠Ab︡lokov.
|
| 264 |
|
1 |
|a Moskva :
|b Izd-vo "Znanie",
|c 1953.
|
| 300 |
|
|
|a 38 pages :
|b illustrations ;
|c 22 cm.
|
| 336 |
|
|
|a text
|b txt
|2 rdacontent
|
| 337 |
|
|
|a unmediated
|b n
|2 rdamedia
|
| 338 |
|
|
|a volume
|b nc
|2 rdacarrier
|
| 490 |
1 |
|
|a Vsesoi︠u︡znoe obshchestvo po rasprostranenii︠u︡ politicheskikh i nauchnykh znaniĭ (Series) ;
|v serii︠a︡ 3, no. 67
|
| 650 |
|
0 |
|a Acclimatization (Plants)
|
| 650 |
|
0 |
|a Plant hybridization.
|
| 830 |
|
0 |
|a Vsesoi͡uznoe obshchestvo po rasprostranenii͡u politicheskikh i nauchnykh znaniĭ (Series) ;
|v serii︠a︡ 3, no. 67.
|
| 948 |
|
|
|a cataloged
|b h
|c 2003/10/9
|d c
|e spoltoratski
|f 2:07:57 pm
|
| 949 |
|
|
|a updated
|b h
|c 2003/10/9
|e spoltoratski
|f 2:08:00 pm
|
| 994 |
|
|
|a E0
|b TXA
|
| 999 |
|
|
|a MARS
|
| 999 |
f |
f |
|s 456f7f08-2014-34d6-b30a-c2052ef74d97
|i f2068def-bab7-3881-bdd4-4242002f5909
|t 0
|
| 952 |
f |
f |
|p ric
|a Texas A&M University
|b Rellis Campus
|c Joint Library Facility
|d Remote Storage
|t 0
|e QK913 .I33 1953
|h Library of Congress classification
|i unmediated -- volume
|m A14830560281
|
| 998 |
f |
f |
|a QK913 .I33 1953
|t 0
|l Remote Storage
|